|
|
|
|
| LEADER |
00000cam a2200000 a 4500 |
| 001 |
vtls011636385 |
| 003 |
SK-MaSNL |
| 005 |
20260301140827.0 |
| 008 |
251112 1735 gw a 000 0 lat |
| 015 |
|
|
|a SNBHFA1735
|
| 020 |
|
|
|q (viaz.)
|
| 035 |
|
|
|a urn:nbn:sk:snk-am00cssh
|
| 035 |
|
|
|a urn:nbn:sk:snk-am3hur4
|
| 035 |
|
|
|a 61932042-999F-4E91-96A9-C8E63F824590
|
| 040 |
|
|
|a SNK
|b slo
|c SNK
|e AACR2
|
| 041 |
0 |
|
|a lat
|a ger
|
| 044 |
|
|
|a gw
|c DE
|
| 072 |
|
7 |
|a 2-1
|x Prirodzená teológia. Náboženská filozofia
|2 konspekt
|
| 080 |
|
|
|a 2-1
|2 2011
|
| 100 |
1 |
|
|a Reineccius, Christian,
|d 1668-1752
|4 aut
|9 337922
|
| 130 |
0 |
|
|a Concordia
|9 427291
|
| 245 |
1 |
0 |
|a Concordia Germanico-Latina
|b Ad Optima Et Antiquissima Exemplaria Edita, Tum Singulorum Librorum, Tum Totius Libri Concordiae, Et Msta F. C. Denuo Et Sedulo Recognita Et a Pluribus Inveteratis Mendis Typographicis Emundata, Adjectis Fideliter Allegatorum Dictorum S. Scripturae Capitibus Et Versibus, Et Testimoniorum Patrum Aliorumque Scriptorum Locis, Libris Et Adhibitarum Editionum Paginis Notisque Aliis, Nec Non Indicibus Apprime Necessariis. Cum Approbationibus Trium Facultatum Theologicarum Acad. Lipsiensis, Wittebergensis Et Rostochiensis
|c Studio Atque Cura M. Christiani Reineccii, Ss. Theol. Baccalaurei. Sub Privilego Regio Et Electorali Saxonico
|
| 260 |
|
|
|a Lipsiae
|b Sumtibus haeredum Lanckisianorum
|c Anno 1735
|
| 300 |
|
|
|a 1136, 132, [94] s.
|c 22 cm
|
| 500 |
|
|
|a Tlač na titulnej strane červeno-čierna, frontispice , vlysy, ozdobná iniciála s ornamentálnym pozadím na 6 riadkov, dvojstĺpcová tlač, text latinsky a nemecky, marginálie, kustody
|
| 504 |
|
|
|a Poznámky pod textom, register
|
| 561 |
|
|
|a Z knižnice Učenej spoločnosti malohontskej.
|5 SNK IC 143454
|
| 561 |
|
|
|a Joannis Beckii Vittembergae, 1748 i Maii. - Georg. Fejes Helmstet A. 1751.
|5 SNK IC 143454
|
| 650 |
0 |
7 |
|a teológia
|2 SNKPH
|9 1814
|
| 700 |
1 |
|
|a Beck, Joannis
|4 fmo
|9 493969
|
| 700 |
1 |
|
|a Feješ, Juraj
|4 fmo
|9 355392
|
| 710 |
0 |
|
|a Lankisch, Friedrich, ml. - dedičia (Lipsko, Nemecko),
|d 1670-1763
|4 prt
|9 337923
|
| 710 |
2 |
|
|a Učená spoločnosť malohontská
|4 fmo
|9 205374
|
| 752 |
|
|
|a Nemecko
|d Lipsko
|
| 852 |
|
|
|a snk
|b Historické fondy
|p IC 143454
|
| 958 |
|
|
|a ONDV
|
| 999 |
|
|
|c 765151
|d 767081
|
| 952 |
|
|
|t MHC II.d.2
|a SNK
|b SNK
|c SNK_HF
|y PREZ
|7 0
|p 17A1130301
|o snkIC 143454
|i snk2017/13989
|8 5
|0 0
|1 0
|4 0
|d 2017-06-15
|f 1
|l 0
|r 2026-02-24 00:16:57
|w 2026-02-24
|